Number theory and its history
Saved in:
| Format: | Book |
|---|---|
| Language: | English |
| Published: |
New York :
McGraw-Hill Book Co.,
1948
|
| Edition: | 1st ed., 2nd impression |
| Subjects: | |
| Tags: |
Add Tag
No Tags, Be the first to tag this record!
|
MARC
| LEADER | 00000cam a2200000 i 4500 | ||
|---|---|---|---|
| 001 | 1/94198 | ||
| 008 | 080919s1948 eng d | ||
| 035 | |l 10100289 | ||
| 040 | |a GR-MY-UA |b gre |e aacr | ||
| 041 | 0 | |a eng | |
| 082 | 0 | |a 512.7 |2 (22) | |
| 245 | 1 | 0 | |a Number theory and its history / |c Oystein Ore |
| 250 | |a 1st ed., 2nd impression | ||
| 260 | |a New York : |b McGraw-Hill Book Co., |c 1948 | ||
| 300 | |a x, 370 σ.; |b εικ.; |c 21 εκ. | ||
| 504 | |a Περιέχει βιβλιογραφικές παραπομπές σ. (358-359) και ευρετήριο. | ||
| 650 | 0 | 0 | |a Number theory. |
| 650 | 0 | 0 | |a Mathematics |x History. |
| 852 | |a INST |b SAMOS |c MAG |e 20080919 |h 512.7 ORE |p 005300029974 |q 005300029974 |t BK |y 0 | ||
| 901 | |a BIBL3-2008-3 | ||
| 909 | |a Σ |b 134785 | ||
| 970 | |a ΣΙΤΖΙΜΗ |b ΓΙΑΣΕΜΗ |z 2008/09/19 | ||